Introducción a la lógica (Record no. 142549)

MARC details
000 -LEADER
fixed length control field nam a22 7a 4500
005 - DATE AND TIME OF LATEST TRANSACTION
control field 20180731085219.0
008 - FIXED-LENGTH DATA ELEMENTS--GENERAL INFORMATION
fixed length control field 180710b mx ||||| |||| 00| 0 spa d
020 ## - INTERNATIONAL STANDARD BOOK NUMBER
International Standard Book Number 9706470972
050 04 - LIBRARY OF CONGRESS CALL NUMBER
Classification number BC59
Item number G88 1997
100 1# - MAIN ENTRY--PERSONAL NAME
Personal name Gutiérrez Sáenz, Raúl
245 10 - TITLE STATEMENT
Title Introducción a la lógica
Statement of responsibility, etc / Raúl Gutiérrez Sáenz
250 ## - EDITION STATEMENT
Edition statement 33a. ed.
260 ## - PUBLICATION, DISTRIBUTION, ETC. (IMPRINT)
Place of publication, distribution, etc México :
Name of publisher, distributor, etc Esfinge,
Date of publication, distribution, etc 1997
300 ## - PHYSICAL DESCRIPTION
Extent 328. p. ;
Dimensions 22 cm.
504 ## - BIBLIOGRAPHY, ETC. NOTE
Bibliography, etc Incluye bibliografía
650 #7 - SUBJECT ADDED ENTRY--TOPICAL TERM
Source of heading or term lemb
Topical term or geographic name as entry element Lógica
General subdivision Estudio y enseñanza
942 ## - ADDED ENTRY ELEMENTS (KOHA)
Source of classification or shelving scheme Biblioteca del Cogreso de los Estados Unidos
Koha item type Libro
Holdings
Estado de pérdida Fuente de clasificación Estado del daño No para préstamo Ubicación permanente Ubicación actual Apartado o colección Fecha de adquisición Edición Dependencia de educación superior (DES) Área del conocimiento Clasificación Código de Barras Date last seen Número de copia Tipo de recurso
  Biblioteca del Cogreso de los Estados Unidos     Biblioteca de la Unidad de Ciencias Ingeniería y Humanidades Biblioteca de la Unidad de Ciencias Ingeniería y Humanidades Consulta 10/07/2018 33a. ed. Humanidades Educación y Humanidades BC59 G88 1997 BCU000002199 10/07/2018 C. 1 Libro